The Bible and the historian : (Record no. 22462)

MARC details
000 -LEADER
fixed length control field 00363cam a22001454a 4500
020 ## - INTERNATIONAL STANDARD BOOK NUMBER
ISBN 0687030439 (pbk. : alk. paper)
082 00 - DEWEY DECIMAL CLASSIFICATION NUMBER
Classification number 225.67
Author Cutter MIN
100 1# - MAIN ENTRY--AUTHOR NAME
Author name Minear, Paul Sevier,
245 14 - TITLE STATEMENT
Title The Bible and the historian :
260 ## - PUBLICATION, DISTRIBUTION, ETC. (IMPRINT)
Place of publication Nashville :
Name of publisher Abingdon Press,
Year of publication c2002.
300 ## - PHYSICAL DESCRIPTION
Number of Pages 280 p. ;
650 ## - SUBJECT ADDED ENTRY--TOPICAL TERM
Topical Term Theology - Bible
942 ## - ADDED ENTRY ELEMENTS (KOHA)
Koha item type Books
Holdings
Home library Current library Shelving location Date acquired Full call number Accession Number Koha item type
Henry Martyn Institute Library Henry Martyn Institute Library General stacks 11/01/2018 225.67 MIN 11003834 Books
                   Copyright © 2026 | Henry Martyn Institute | Hyderabad | TS-500052 | INDIA | Implemented by hmi.edu.in
Hit-Count:

Powered by Koha